A practical approach to criminal procedure/

A practical guide to the criminal process in England and Wales, from the start of criminal proceedings and the first court appearance of the accused, through to sentencing and appeal. It covers the procedure in the magistrates' courts, the Crown Court, and the criminal appeal courts

Saved in:
书目详细资料
主要作者: SPRACK,JOHN
格式: 图书
出版: New York: Oxford University Press, c2004.
版:10th ed.
主题:
标签: 添加标签
没有标签, 成为第一个标记此记录!

MARC

LEADER 00000nam a22000007a 4500
005 20250926095358.0
020 |a 0199272573  |c TZS 80983.91/= 
040 |a MCCL  |b eng. 
082 |a 345 SPR 
100 |a SPRACK,JOHN 
245 |a A practical approach to criminal procedure/  |c John ,Spark 
250 |a 10th ed. 
260 |a New York:  |b Oxford University Press,  |c c2004. 
300 |a liii,649p.:  |b ill.;  |c 25cm. 
504 |a Includes bibliographical references and index 
520 |a A practical guide to the criminal process in England and Wales, from the start of criminal proceedings and the first court appearance of the accused, through to sentencing and appeal. It covers the procedure in the magistrates' courts, the Crown Court, and the criminal appeal courts 
546 |a eng. 
650 |a  Criminal procedure 
650 |a Criminal procedure England 
650 |a Criminal procedure Wales 
700 |a SPRACK,JOHN 
942 |c BK 
999 |c 11226  |d 11226